000 01162cab a22002175a 4500
001 L154467
008 131211s2011 xxk 000 0 eng d
035 _a(Sirsi) u154467
041 0 _aeng
100 1 _aTeale, Mike
245 0 0 _aFeast and famine
260 _c2011
490 0 _aSustainablebuilding inc Propertyforecast
_v(59) November 2011, 14-15(2)
520 _aAssesses the state of the London retail market before the vital Christmas/January sales season. Chronic supply shortages underpin the soaring rents and premiums in the West End: Oxford, Regent and Bond Streets are in huge demand. Westfield Stratfield City has been trading at stonking footfall levels. Points out that there has been a fundamental long-term structural shift in the nature of shop demand in the UK not solely caused by the advent of online shopping, with chain operators migrating from small markets to large. Some high streets are now lost causes.
590 _aBulletin
651 4 _aLondon
651 4 _aUnited Kingdom
_y
690 _aPROPERTY-COMMERCIAL PROPERTY-COMMERCIAL PROPERTY MARKET
690 _aPROPERTY-COMMERCIAL PROPERTY-RETAIL PROPERTY
942 _n0
999 _c83635
_d83635